Normal view
MARC view
Entry Personal Name
001 - CONTROL NUMBER
- control field: 71463
003 - CONTROL NUMBER IDENTIFIER
- control field: OSt
005 - DATE AND TIME OF LATEST TRANSACTION
- control field: 20180320133128.0
008 - FIXED-LENGTH DATA ELEMENTS
- fixed length control field: 180320|| aca||aabn | a|a d
040 ## - CATALOGING SOURCE
- Original cataloging agency: OSt
- Transcribing agency: OSt
100 ## - HEADING--PERSONAL NAME
- Personal name: वेदान्त केसरी
670 ## - SOURCE DATA FOUND
- Source citation: Work cat.: (OSt)21535: वेदान्त केसरी , संत ज्ञानेश्वर और भक्ति यात्रा , 1995









